| 000 | 00869nam a2200265 a 4500 | ||
|---|---|---|---|
| 001 | 000019450 | ||
| 005 | 20200929170024.0 | ||
| 008 | 100629s2005 es c 000 0 spa d | ||
| 020 | _a8497647432 | ||
| 040 |
_aDO-SdBNP _bspa _cBNPHU |
||
| 082 |
_a920.082 _bE92A |
||
| 100 | 1 |
_aÁlvarez, Celia _941761 |
|
| 245 | 1 | 0 |
_aEva / _cCelia Álvarez, Felipe Sen ; coordinador de colección Mar de Ventura Fernández. |
| 260 |
_aMadrid, España : _bPerymat, _c2005. |
||
| 300 |
_a190 p. : _bretrs. ; _c22 cm. |
||
| 490 | 1 | _aMujeres en la historia | |
| 504 | _aIncluye bibliografías (p. 189-190) | ||
| 600 | 1 | 4 |
_aEVA _dA.T. _941762 |
| 650 | 4 |
_aBiblia _xA.t. _vBIOGRAFÍAS _941763 |
|
| 650 | 4 |
_aBiblia _xA.t. _xGénesis _941764 |
|
| 700 | 1 |
_aSen, Felipe _941707 |
|
| 700 | 1 |
_aVentura Fernndez, Mar de, _ecoord. _941765 |
|
| 830 | 0 |
_aMujeres en la historia _941760 |
|
| 049 | _aBNPD | ||
| 999 |
_c18966 _d18966 |
||